LEADER 01366nam--2200409---450- 001 990000485270203316 005 20050607111519.0 010 $a88-343-0801-8 035 $a0048527 035 $aUSA010048527 035 $a(ALEPH)000048527USA01 035 $a0048527 100 $a20010531d1994----km-y0itay0103----ba 101 $aita 102 $aIT 105 $a||||||||001yy 200 1 $aInterpretazione di Socrate$fJohn Burnet$gintroduzione, traduzione e apparati di Francesco Sarri 210 $aMilano$cVita e pensiero$d1994 215 $a199 p.$d22 cm 225 2 $aPubblicazioni$fCentro di ricerche di matafisica$iTemi metafisici e problemi del pensiero antico$v34 300 $aScritti vari 410 $12001$aPubblicazioni$fCentro di ricerche di matafisica$iTemi metafisici e problemi del pensiero antico$v34 606 0 $aSocrate 676 $a183.2 700 1$aBURNET,$bJohn$0159194 702 1$aSARRI,$bFrancesco 801 0$aIT$bsalbc$gISBD 912 $a990000485270203316 951 $aII.1 Coll.70/ 10(IV A COLL. 264/34)$b125226 LM$cIV A COLL. 959 $aBK 969 $aUMA 979 $aPATTY$b90$c20010531$lUSA01$h1137 979 $c20020403$lUSA01$h1657 979 $aPATRY$b90$c20040406$lUSA01$h1634 979 $aCOPAT3$b90$c20050607$lUSA01$h1115 996 $aInterpretazione di Socrate$9888278 997 $aUNISA LEADER 01260nam0-2200409---450 001 990005608030203316 005 20211210102912.0 035 $a000560803 035 $aUSA01000560803 035 $a(ALEPH)000560803USA01 035 $a000560803 100 $a19981214d1971----|||y0itaa50------ba 101 $aita 102 $ait 105 $a0 00||| 200 1 $a<> problemi dell'empirismo$fPaul K. Feyerabend$g[trad. di Anna Maria Sioli] 210 $aMilano$cLampugnani Nigri$d1971 215 $a192 p.$d22 cm 225 2 $aSaggi$v12 300 $aTrad. di: Problems of empiricism, 1.$d2. 410 0$12001$aSaggi$v12 454 $1001SA0027176$12001$aProblems of empiricism. 1.$a2.$fPaul K. Feyerabend.$950243 606 $aEmpirismo$2F 620 $dMILANO 676 $a146.44 700 1$aFEYERABEND,$bPaul K.$045134 702 1$aSIOLI,$bAnna Maria 801 0$aIT$bSA$c20111219 912 $a990005608030203316 950 0$aDipar.to di Filosofia - Salerno$dDFF.V. FEY (220)$e2107 FIL 951 $aXV.17. 206 (F.V. FEY) (220)$b2107 FIL$cXV.17$d450878 959 $aBK 969 $aFVER 979 $c20121027$lUSA01$h1525 979 $c20121027$lUSA01$h1614 996 $aProblems of empiricism. 1$950243 997 $aUNISA LEADER 00906nam a2200241 i 4500 001 991001678649707536 005 20020503124426.0 008 981022s1981 fr ||| | fre 020 $a2858021856 035 $ab1025643x-39ule_inst 035 $aLE01282695$9ExL 040 $aDip.to Lingue$bita 100 1 $aDiop, Boubacar Boris$0443413 245 13$aLe temps de Tamango ; suivi de, Thiaroye terre rouge/Boubacar Boris Diop ; préface de Mongo Beti 260 $aParis :$bEditions L'Harmattan,$cc1981 300 $a203 p. ;$c19 cm. 700 1 $aBeti, Mongo 907 $a.b1025643x$b02-04-14$c27-06-02 912 $a991001678649707536 945 $aLE012 A848.914 DIO 2$g1$i2012000003460$lle012$o-$pE0.00$q-$rl$s- $t0$u0$v0$w0$x0$y.i10306961$z27-06-02 996 $aTemps de Tamango ; suivi de, Thiaroye terre rouge$9205848 997 $aUNISALENTO 998 $ale012$b01-01-98$cm$da $e-$ffre$gfr $h3$i1